Mots: vêtements (français) - Statistics

General Stats
  • This quiz has been taken 240 times
    223 since last reset
  • The average score is 7 of 8
Answer Stats
Picture Answer % Correct
Pantalon(s)
97%
Chapeaux
94%
Bas / Chaussettes
92%
Robe
92%
Short(s)
92%
Lunettes
87%
Souliers / Chaussures
87%
Lunettes de soleil
77%
No matching quizzes found
Score Distribution
Percent of People with Each Score
Percentile by Number Answered
Your Score History
You have not taken this quiz since the last reset